Diálogos de la vejez y de la amistad (Record no. 58981)
[ view plain ]
| 000 -LEADER | |
|---|---|
| fixed length control field | 00709nam a22001817a 4500 |
| 005 - DATE AND TIME OF LATEST TRANSACTION | |
| control field | 20210512095820.0 |
| 008 - FIXED-LENGTH DATA ELEMENTS--GENERAL INFORMATION | |
| fixed length control field | 110803t mx||||| |||| 00| 0 spa d |
| 050 04 - LIBRARY OF CONGRESS CALL NUMBER | |
| Classification number | PA6315.E8 |
| Item number | C53 1972 |
| 100 1# - MAIN ENTRY--PERSONAL NAME | |
| Personal name | Cicerón, Marco Tulio, |
| Dates associated with a name | 106-43 a. C. |
| 245 10 - TITLE STATEMENT | |
| Title | Diálogos de la vejez y de la amistad |
| Statement of responsibility, etc | / Marco Tulio Cicerón ; Traducción del latin, introducción y notas de Agustín Millares Carlo |
| 250 ## - EDITION STATEMENT | |
| Edition statement | 2a ed. |
| 260 ## - PUBLICATION, DISTRIBUTION, ETC. (IMPRINT) | |
| Place of publication, distribution, etc | México : |
| Name of publisher, distributor, etc | Universidad Nacional Autonoma de México : Dirección General de Publicaciones, |
| Date of publication, distribution, etc | 1972 |
| 300 ## - PHYSICAL DESCRIPTION | |
| Extent | 151 p. ; |
| Dimensions | 19 cm. |
| 490 0# - SERIES STATEMENT | |
| Series statement | Nuestros Clásicos ; |
| Volume number/sequential designation | no.4 |
| 650 #7 - SUBJECT ADDED ENTRY--TOPICAL TERM | |
| Source of heading or term | Lemb |
| Topical term or geographic name as entry element | Literatura romana |
| 700 1# - ADDED ENTRY--PERSONAL NAME | |
| Personal name | Millares Carlo, Agustín |
| Relator term | traductor |
| 942 ## - ADDED ENTRY ELEMENTS (KOHA) | |
| Source of classification or shelving scheme | Biblioteca del Cogreso de los Estados Unidos |
| Koha item type | Libro |
| Estado de pérdida | Fuente de clasificación | Estado del daño | No para préstamo | Ubicación permanente | Ubicación actual | Apartado o colección | Fecha de adquisición | Fuente de adquisición | Enumeración de Serie / Cronológica | Área del conocimiento | Clasificación | Código de Barras | Date last seen | Número de copia | Tipo de recurso | Nota pública | Edición | Total Checkouts | Costo por reposición |
|---|---|---|---|---|---|---|---|---|---|---|---|---|---|---|---|---|---|---|---|
| Biblioteca del Cogreso de los Estados Unidos | Biblioteca de la Facultad de Letras | Biblioteca de la Facultad de Letras | General | 17/06/2014 | LLH000004568 | PA6315.E8 C53 1972 | LLH000004568 | 16/01/2015 | C:1 | Libro | General | ||||||||
| Biblioteca del Cogreso de los Estados Unidos | Biblioteca de la Preparatoria Isaac Arriaga | Biblioteca de la Preparatoria Isaac Arriaga | General | 12/05/2021 | Educación y Humanidades | PA6315.E8 C53 1972 | PIA000005412 | 12/05/2021 | C:1 | Libro | 2a ed. | 1.00 |